000 00856cab a2200205 4500
001 ABS38891
008 090401t1988 xxu||||| |||| 00| 0 eng d
035 _a(Sirsi) u13124
041 _aeng
100 _aHancock, M.
245 4 _aThe Italian job
260 _c1988
350 _a0
490 _aChartered Quantity Surveyor
_v10(7) March 1988, 16-17(2)
520 _aReports on a building project, involving new build and refurbishment, which is currently taking place in Legnano in northern Italy . The project is a mixed scheme, comprising offices, shops, private residential accommodation and a bank. Demonstrates some of the differences between the Italian and UK construction industries. Includes table of building costs .
650 _aBUILDING INDUSTRY
690 _aBUILDING AND CONSTRUCTION-OVERSEAS
942 _n0
948 _c04/03/1997
999 _c8439
_d8439